000 00719nam a2200229Ia 4500
005 20241129110006.0
008 241129s9999||||xx |||||||||||||| ||und||
020 _a978-1-316-51079-7
037 _aTB
040 _aARTS
_beng
_cARTS
041 _aeng
_2eng
084 _aO111:g R2
_qARTS
100 _aKantor Roanne L. Au.
_9726773
245 0 _aSouth Asian writers, latin American literature, and the rise of global english
_cKantor Roanne L. Au.
260 _aCambridge, USA
_bCambridge University Press
_c2022
300 _axv,227p.
365 _aUKP
_b75
490 _aCambridge studies in world literature
650 _aEnglish Literature
942 _cTB
_hO111:g R2
999 _c1226902
_d1226902